Learning excellence : (Record no. 6173)

MARC details
000 -LEADER
fixed length control field 00626nam a22001817a 4500
003 - CONTROL NUMBER IDENTIFIER
control field OSt
005 - DATE AND TIME OF LATEST TRANSACTION
control field 20251125092501.0
008 - FIXED-LENGTH DATA ELEMENTS--GENERAL INFORMATION
fixed length control field 251125b |||||||| |||| 00| 0 eng d
020 ## - INTERNATIONAL STANDARD BOOK NUMBER
International Standard Book Number 971-91733-0-0
040 ## - CATALOGING SOURCE
Original cataloging agency DWC-Main lib
Transcribing agency OC
082 ## - DEWEY DECIMAL CLASSIFICATION NUMBER
Edition number 2nd edition
Classification number Fil. 371.3 T693 1996
100 ## - MAIN ENTRY--PERSONAL NAME
Personal name Torres, P.
245 ## - TITLE STATEMENT
Title Learning excellence :
Remainder of title a masteral course in learning how to learn
Statement of responsibility, etc. Torres, Philip T.
250 ## - EDITION STATEMENT
Edition statement 2nd edition
260 ## - PUBLICATION, DISTRIBUTION, ETC.
Place of publication, distribution, etc. Manila :
Name of publisher, distributor, etc. Philip T.Torres,
Date of publication, distribution, etc. c1996.
300 ## - PHYSICAL DESCRIPTION
Extent ix, 142 pages :
Dimensions 28 cm.
942 ## - ADDED ENTRY ELEMENTS (KOHA)
Source of classification or shelving scheme Dewey Decimal Classification
Koha item type Book-Filipiniana
Edition 2nd edition
Classification part Fil. 371.3 T693 1996
Call number prefix Fil.
Suppress in OPAC No
952 ## - LOCATION AND ITEM INFORMATION (KOHA)
--
952 ## - LOCATION AND ITEM INFORMATION (KOHA)
--
952 ## - LOCATION AND ITEM INFORMATION (KOHA)
--
952 ## - LOCATION AND ITEM INFORMATION (KOHA)
--
952 ## - LOCATION AND ITEM INFORMATION (KOHA)
--
Holdings
Withdrawn status Lost status Source of classification or shelving scheme Damaged status Not for loan Home library Current library Shelving location Date acquired Source of acquisition Total Checkouts Full call number Barcode Date last seen Copy number Price effective from Koha item type Uniform Resource Identifier
    Dewey Decimal Classification     College Library College Library Filipiniana 09/14/2005 School Fund   Fil. 371.3 T693 1996 CL42442 11/25/2025 c5 11/25/2025 BK - FIL
    Dewey Decimal Classification     College Library College Library Filipiniana 09/14/2005 School Fund   Fil. 371.3 T693 1996 CL42441 11/25/2025 c4 11/25/2025 BK - FIL
    Dewey Decimal Classification     College Library College Library Filipiniana 09/14/2005 School Fund   Fil. 371.3 T693 1996 CL42440 11/25/2025 c3 11/25/2025 BK - FIL
    Dewey Decimal Classification     College Library College Library Filipiniana 09/14/2005 School Fund   Fil. 371.3 T693 1996 CL42439 11/25/2025 c2 11/25/2025 BK - FIL
    Dewey Decimal Classification     College Library College Library Filipiniana 09/14/2005 School Fund   Fil. 371.3 T693 1996 CL42438 11/25/2025 c1 11/25/2025 BK - FIL